00703cam a2200157Ia 4500040000800000082002600008100001800034245015400052260015100206300006300357500001800420650002500438650002500463650002500488650003200513 cDLC a333 FAC 2005 C074 Or.0 aMak Sithirith10aDecentralization and Natural Resource Management in Cambodia:blmplication of the Decentralization Process to Date A Case Studies in Pursat Province/ aChiang Mai, Thailand :bRegional Center for Social Science and Sustainable Development, Faculty of Social Sciences, Chiang Mai University,c[2005] a29 p. :bill. (chiefly col.), maps (chiefly col.) ;c22 cm a"March 2007." 0aEconomic development 0aEconomic development 0aEconomic development 0aWater resources development